| 000 | 00540nam a2200193 a 4500 | ||
|---|---|---|---|
| 001 | 1770806978372 | ||
| 003 | YourLibrary | ||
| 005 | 20260211162328.0 | ||
| 008 | 260211s2006##################000#0#eng## | ||
| 020 | _a9780199286034 | ||
| 082 | 0 | 4 |
_a330 _bHEC |
| 100 | 1 |
_aHeckscher, Charles C., _eauthor. |
|
| 245 | 1 | 0 | _aThe Firm as a Collaborative Community : |
| 260 |
_bOxford University Press on Demand, _c2006. |
||
| 300 | _a592 pages | ||
| 650 | 0 | _aBusiness & Economics. | |
| 942 | _cENGLISH | ||
| 040 |
_aYourLibrary _beng _cYourLibrary |
||
| 999 |
_c611867 _d611867 |
||